000
00285nam a2200109Ia 4500
008
220204s9999 xx 000 0 und d
082
_a
632.51
_b
GUP
100
_a
Gupta, O P
245
0
_a
Weed management: Principles and practices
260
_a
Bikaner
_b
Agro Botanica
_c
1998
942
_c
BK
999
_c
41498
_d
41498